[Event "Women's Speed Chess Q8"]
[Site "chess.com INT"]
[Date "2021.06.06"]
[Round "12"]
[White "Vantika, Agrawal"]
[Black "Mkrtchian, Lilit"]
[Result "1-0"]
[WhiteTitle "WIM"]
[BlackTitle "IM"]
[WhiteElo "2286"]
[BlackElo "2388"]
[WhiteFideId "25050389"]
[BlackFideId "13300601"]
[EventDate "2021.06.06"]

1. d4 Nf6 2. Nf3 d5 3. e3 c6 4. b3 Bg4 5. Bb2 Nbd7 6. Be2 e6 7. O-O Bd6 8. c4
O-O 9. h3 Bh5 10. Nc3 Qe7 11. a4 a5 12. Qc2 Bg6 13. Bd3 Bxd3 14. Qxd3 Rfe8 15.
e4 dxe4 16. Nxe4 Nxe4 17. Qxe4 Nf6 18. Qe2 Rad8 19. Rad1 Qc7 20. Rd3 Nh5 21. g3
Bxg3 22. Ng5 Bh2+ 23. Kh1 Nf4 24. Qf3 Nxd3 25. Qxd3 g6 26. Ne4 e5 27. Nf6+ Kh8
28. Nxe8 Rxe8 29. Kxh2 e4+ 30. Qg3 Qxg3+ 31. Kxg3 e3 32. fxe3 Rxe3+ 33. Rf3 Re2
34. Bc3 Kg8 35. d5 cxd5 36. cxd5 f5 37. d6 Kf7 38. d7 Re8 39. dxe8=Q+ Kxe8 40.
Bxa5 Kd7 41. Bc3 Kc6 42. b4 Kd5 43. b5 Kc4 44. Bf6 Kd5 45. Rf4 Kd6 46. Bc3 Kc5
47. Kf3 Kd5 48. Ke3 Kc5 49. Kd3 Kd5 50. a5 Kc5 51. a6 bxa6 52. bxa6 Kb6 53. Ra4
Ka7 54. Bd4+ Ka8 55. a7 Kb7 56. Rb4+ Kc6 57. a8=Q+ Kd6 58. Rb6+ Ke7 59. Qa7+ Kf8
60. Rb8# 1-0

[Event "Women's Speed Chess Q8"]
[Site "chess.com INT"]
[Date "2021.06.06"]
[Round "12"]
[White "Morris-Suzuki, Sophie"]
[Black "Batsiashvili, Nino"]
[Result "0-1"]
[WhiteTitle "WFM"]
[BlackTitle "GM"]
[WhiteElo "2043"]
[BlackElo "2491"]
[WhiteFideId "30922615"]
[BlackFideId "13602993"]
[EventDate "2021.06.06"]

1. e4 c6 2. d4 d5 3. e5 c5 4. dxc5 e6 5. a3 Bxc5 6. Bd3 Ne7 7. Nf3 Ng6 8. b4 Bb6
9. O-O a5 10. Bb2 Nf4 11. Nbd2 Nxd3 12. cxd3 Bd7 13. Nd4 Na6 14. b5 Nc5 15. N2b3
a4 16. Nxc5 Bxc5 17. Qg4 O-O 18. Rac1 Qb6 19. h4 Bxb5 20. Rfd1 Rac8 21. h5 h6
22. Rc2 Be7 23. Re2 Rc7 24. Re3 Rfc8 25. Rg3 Bf8 26. Nxb5 Qxb5 27. Bd4 Qb3 28.
Be3 Qb2 29. Bxh6 f5 30. exf6 Qxf6 31. Bg5 Qf5 32. Qxa4 Rc2 33. Rf1 Bd6 34. Rg4
Qxd3 35. h6 Qf5 36. Qd7 R2c7 37. Qxd6 Qxg4 38. Bd8 Rf7 39. Bb6 gxh6 40. Re1 Rc6
41. Qd8+ Kh7 42. Be3 Rg7 43. g3 e5 44. Qf8 d4 45. Bd2 e4 46. Qe8 e3 47. Bxe3
dxe3 48. Rxe3 Qg6 49. Qe5 Qf6 50. Qe4+ Qg6 51. Qb4 Rf7 52. Kg2 Re6 53. Rc3 Qf6
54. Qc4 Qxf2+ 55. Kh3 Qf5+ 56. Kg2 Qf2+ 57. Kh3 Qf1+ 58. Qxf1 Rxf1 59. Rc7+ Kg6
60. Rxb7 Rf3 61. a4 Ra3 62. Rb4 Ree3 63. Rg4+ Kf6 64. Kh4 Ra2 0-1

[Event "Women's Speed Chess Q8"]
[Site "chess.com INT"]
[Date "2021.06.06"]
[Round "12"]
[White "Dauletova, Gulmira"]
[Black "Belenkaya, Dina"]
[Result "0-1"]
[WhiteTitle "WGM"]
[BlackTitle "WGM"]
[WhiteElo "2257"]
[BlackElo "2341"]
[WhiteFideId "13702971"]
[BlackFideId "24142654"]
[EventDate "2021.06.06"]

1. e4 d5 2. exd5 Qxd5 3. Nc3 Qa5 4. Bc4 Nf6 5. Nge2 Bf5 6. d3 e6 7. Bd2 Qb6 8.
Bb3 c5 9. O-O Nc6 10. a3 Bd6 11. Ng3 Bg6 12. Nge4 Nd4 13. Ba4+ Kf8 14. Nxd6 Qxd6
15. Ne2 b5 16. Nxd4 bxa4 17. Nb5 Qd7 18. Nc3 Bh5 19. Qe1 Rb8 20. Qe5 Rc8 21. Be3
Qc6 22. h3 Bg6 23. Bf4 Nd7 24. Qd6+ Qxd6 25. Bxd6+ Ke8 26. Nxa4 f6 27. Rfe1 Kf7
28. Re3 e5 29. Nc3 Ke6 30. Nb5 a6 31. Bxc5 axb5 32. Bb4 Rxc2 33. d4 Rhc8 34.
dxe5 fxe5 35. f4 Rc1+ 36. Rxc1 Rxc1+ 37. Kh2 e4 38. Bc3 Nf6 39. g4 Rc2+ 40. Kg3
Nd5 41. f5+ Bxf5 42. gxf5+ Kxf5 43. Re1 Nxc3 44. Rf1+ Ke5 45. bxc3 Rxc3+ 46. Kg4
Rxa3 47. Rf7 b4 48. Rxg7 Ra6 49. Rxh7 Rg6+ 50. Kh4 Rb6 51. Kg5 b3 52. Re7+ Kd4
53. Rd7+ Ke3 54. Rd1 b2 55. Rb1 Kd2 56. h4 e3 57. h5 e2 58. h6 e1=Q 59. Rxe1
Kxe1 60. h7 Rb8 61. Kg6 b1=Q+ 62. Kg7 Qb7+ 63. Kh6 Qc6+ 64. Kg5 Qd7 65. Kh5
Qxh7+ 66. Kg5 Qg7+ 67. Kf4 Rf8+ 68. Ke4 Qe7+ 69. Kd5 Rd8+ 70. Kc6 Qd7+ 71. Kb6
Rb8+ 72. Kc5 Rc8+ 73. Kb6 Rc6+ 74. Kb5 Qd5+ 75. Kb4 Rc4+ 76. Kb3 Qd3+ 77. Kb2
Rc2+ 78. Kb1 Qd1# 0-1

[Event "Women's Speed Chess Q8"]
[Site "chess.com INT"]
[Date "2021.06.06"]
[Round "12"]
[White "Antonova, Nadezhda"]
[Black "Nguyen, Hong Ngoc"]
[Result "1/2-1/2"]
[WhiteTitle "WFM"]
[BlackTitle "WCM"]
[WhiteElo "1877"]
[BlackElo "1957"]
[WhiteFideId "14700182"]
[BlackFideId "12403083"]
[EventDate "2021.06.06"]

1. b3 Nf6 2. Bb2 g6 3. Bxf6 exf6 4. c4 Bg7 5. Nc3 f5 6. Rc1 Nc6 7. g3 O-O 8. Bg2
b6 9. e3 Bb7 10. Nge2 a5 11. O-O d6 12. d4 Qd7 13. Qd3 Rfe8 14. Rfd1 Nd8 15. d5
Ba6 16. Nd4 Nb7 17. Nc6 Nc5 18. Qb1 Ne4 19. Nxe4 fxe4 20. Bxe4 Bc8 21. Bg2 Qg4
22. h3 Qg5 23. Qd3 h5 24. h4 Qg4 25. Qf1 a4 26. b4 g5 27. Kh2 gxh4 28. Bh3 hxg3+
29. fxg3 Qxh3+ 30. Qxh3 Bxh3 31. Kxh3 Rxe3 32. Re1 Rae8 33. Rxe3 Rxe3 34. Rc2 a3
35. Na7 Be5 36. Rg2 Rc3 37. Nb5 Rxc4 38. Nxa3 Rxb4 39. Rd2 Ra4 40. Nb5 Rc4 41.
Na3 Rc3 42. Nb5 Rxg3+ 43. Kh4 Rg4+ 44. Kxh5 Rc4 45. Kg5 Kf8 46. Kf5 Ke7 47. Na3
Rf4+ 48. Kg5 Ra4 49. Rd3 f6+ 50. Kf5 Rf4+ 51. Kg6 Rf2 52. Nb5 Rg2+ 53. Kf5 Rxa2
54. Nxc7 Rg2 55. Na8 b5 56. Nc7 b4 57. Rb3 Kd7 58. Nb5 Bc3 59. Nxc3 bxc3 60.
Rxc3 Rf2+ 61. Ke4 f5+ 62. Ke3 Rf1 63. Ra3 Ke7 64. Kd4 Rd1+ 65. Kc4 Kf6 66. Rh3
Rc1+ 67. Kd4 Rd1+ 68. Kc4 Ke5 69. Re3+ Kf4 70. Re6 Rc1+ 71. Kd4 Rd1+ 72. Kc4 Kg3
73. Rxd6 f4 74. Rf6 f3 75. d6 f2 76. Kc5 f1=Q 77. Rxf1 Rxf1 78. d7 Rd1 79. Kc6
Kf4 80. Kc7 Rc1+ 81. Kb7 Rb1+ 82. Kc7 Rc1+ 83. Kb7 Rd1 84. Kc7 Ke5 85. d8=Q Rxd8
86. Kxd8 1/2-1/2

[Event "Women's Speed Chess Q8"]
[Site "chess.com INT"]
[Date "2021.06.06"]
[Round "13"]
[White "Von Herman, Brigitte"]
[Black "Eswaran, Aksithi"]
[Result "0-1"]
[WhiteTitle "WFM"]
[BlackTitle "WCM"]
[WhiteElo "1991"]
[BlackElo "1745"]
[WhiteFideId "4628730"]
[BlackFideId "2083485"]
[EventDate "2021.06.06"]

1. e4 c5 2. c3 d5 3. exd5 Qxd5 4. d4 Nc6 5. Nf3 Bg4 6. dxc5 Bxf3 7. Qxf3 Qxf3 8.
gxf3 e6 9. b4 Nf6 10. Bf4 Rd8 11. Bb5 Nd5 12. Be3 a5 13. a3 g6 14. c4 Nxe3 15.
fxe3 Bg7 16. Ra2 Ke7 17. Bxc6 bxc6 18. Ke2 axb4 19. axb4 Rb8 20. Ra4 Rhd8 21.
Rd1 Be5 22. h3 Rxd1 23. Kxd1 Rd8+ 24. Kc2 Rb8 25. Nd2 Kf6 26. Ne4+ Kf5 27. Nd6+
Kg5 28. Nxf7+ Kf6 29. Nxe5 Kxe5 30. Kc3 g5 31. Ra7 h5 32. Rh7 Kf5 33. Rxh5 Kg6
34. Rxg5+ Kxg5 35. Kd4 Kf6 0-1

[Event "Women's Speed Chess Q8"]
[Site "chess.com INT"]
[Date "2021.06.06"]
[Round "13"]
[White "Dordzhieva, Dinara"]
[Black "Kashlinskaya, Alina"]
[Result "1-0"]
[WhiteTitle "WGM"]
[BlackTitle "IM"]
[WhiteElo "2311"]
[BlackElo "2494"]
[WhiteFideId "24157570"]
[BlackFideId "4198026"]
[EventDate "2021.06.06"]

1. Nf3 d5 2. d4 Nf6 3. c4 e6 4. g3 Bb4+ 5. Bd2 Bd6 6. Bg2 O-O 7. Qc2 b6 8. O-O
Bb7 9. cxd5 exd5 10. Nc3 c5 11. Rfd1 Nc6 12. dxc5 Bxc5 13. Bg5 Nb4 14. Qf5 d4
15. a3 Nc6 16. Ne4 Be7 17. Nxf6+ Bxf6 18. Bxf6 Qxf6 19. Qxf6 gxf6 20. Nxd4 Rac8
21. Nf5 Rc7 22. Rd6 Ne5 23. Bxb7 Rxb7 24. Rxf6 Rd8 25. Rd6 Rbd7 26. Rad1 Rxd6
27. Rxd6 Rc8 28. Ne7+ 1-0

[Event "Women's Speed Chess Q8"]
[Site "chess.com INT"]
[Date "2021.06.06"]
[Round "13"]
[White "Varshini, V"]
[Black "Doluhanova, Evgeniya"]
[Result "1-0"]
[WhiteTitle "WGM"]
[BlackTitle "WGM"]
[WhiteElo "2226"]
[BlackElo "2192"]
[WhiteFideId "5091241"]
[BlackFideId "14112035"]
[EventDate "2021.06.06"]

1. e4 e5 2. Nf3 Nc6 3. Bc4 Bc5 4. c3 Nf6 5. d4 exd4 6. e5 d5 7. Bb5 Ne4 8. cxd4
Bb6 9. O-O O-O 10. Bxc6 bxc6 11. Nc3 Ba6 12. Re1 f5 13. exf6 Nxc3 14. bxc3 Qxf6
15. Be3 Rae8 16. Ne5 Qf5 17. Nxc6 Bd3 18. Ne5 Rxe5 19. dxe5 Bxe3 20. fxe3 Qf2+
21. Kh1 Be4 22. Qg4 h5 23. Qg3 Qb2 24. e6 Rf2 25. e7 Kf7 26. Rf1 Rxf1+ 27. Rxf1+
Kxe7 28. Qe5+ Kd7 29. Rf7+ 1-0

[Event "Women's Speed Chess Q8"]
[Site "chess.com INT"]
[Date "2021.06.06"]
[Round "13"]
[White "Gunina, Valentina"]
[Black "Bodnaruk, Anastasia"]
[Result "1-0"]
[WhiteTitle "GM"]
[BlackTitle "IM"]
[WhiteElo "2436"]
[BlackElo "2446"]
[WhiteFideId "4167570"]
[BlackFideId "4181751"]
[EventDate "2021.06.06"]

1. d4 Nf6 2. c4 g6 3. Nc3 Bg7 4. e4 d6 5. Be2 O-O 6. Be3 c6 7. h4 h5 8. Nf3 Ng4
9. Bg5 Na6 10. Qd2 Nc7 11. d5 cxd5 12. cxd5 Na6 13. Nd4 Nc5 14. f3 Ne5 15. O-O
a5 16. Rae1 f5 17. exf5 Bxf5 18. Nxf5 Rxf5 19. f4 Nf7 20. g4 Nxg5 21. gxf5 Nge4
22. Qe3 gxf5 23. Bxh5 Bf6 24. Re2 Kh8 25. Bg6 Qb6 26. Kh1 Rg8 27. Rg2 Nd7 28.
Qf3 Rg7 29. Bxf5 Nec5 30. Qh5+ Kg8 31. Rxg7+ Bxg7 32. Rg1 Na6 33. Be6+ 1-0

[Event "Women's Speed Chess Q8"]
[Site "chess.com INT"]
[Date "2021.06.06"]
[Round "13"]
[White "Mkrtchian, Lilit"]
[Black "Tokhirjonova, Gulrukhbegim"]
[Result "0-1"]
[WhiteTitle "IM"]
[BlackTitle "WGM"]
[WhiteElo "2388"]
[BlackElo "2344"]
[WhiteFideId "13300601"]
[BlackFideId "14203626"]
[EventDate "2021.06.06"]

1. c4 e6 2. Nf3 d5 3. e3 Nf6 4. Nc3 Bd6 5. b3 a6 6. Bb2 O-O 7. g3 c5 8. Bg2 Nc6
9. cxd5 exd5 10. d4 Bg4 11. dxc5 Bxc5 12. O-O Rc8 13. h3 Be6 14. Ne2 h6 15. Rc1
Bd6 16. Nfd4 Qd7 17. Nxc6 bxc6 18. Bxf6 gxf6 19. Kh2 Kg7 20. Nd4 c5 21. Nxe6+
fxe6 22. Qg4+ Kh7 23. f4 f5 24. Qf3 Rg8 25. g4 fxg4 26. hxg4 Rcf8 27. Kh1 a5 28.
Rcd1 Qg7 29. Bh3 d4 30. Qe4+ Kh8 31. Qxe6 Bb8 32. exd4 cxd4 33. Rxd4 Re8 34. Qd5
Re3 35. Rd3 Re2 36. Qf3 Rxa2 37. Rfd1 Qb2 38. Bg2 Bxf4 39. Rd7 Qf2 40. Qxf2 Rxf2
41. Be4 Re8 42. Rh7+ Kg8 43. Bf5 Bg5 44. Kg1 Rxf5 0-1

[Event "Women's Speed Chess Q8"]
[Site "chess.com INT"]
[Date "2021.06.06"]
[Round "13"]
[White "Petrova, Irina"]
[Black "Pourkashiyan, Atousa"]
[Result "0-1"]
[WhiteTitle "WIM"]
[BlackTitle "WGM"]
[WhiteElo "2110"]
[BlackElo "2322"]
[WhiteFideId "14124122"]
[BlackFideId "12502014"]
[EventDate "2021.06.06"]

1. e4 c5 2. Nf3 e6 3. c4 a6 4. Nc3 Qc7 5. Be2 b6 6. O-O Bb7 7. d4 cxd4 8. Nxd4
Nc6 9. Be3 Nf6 10. f3 Bc5 11. Qd2 O-O 12. Rfc1 Rad8 13. Nc2 d5 14. cxd5 exd5 15.
Nxd5 Nxd5 16. exd5 Qf4 17. Kh1 Bxe3 18. Qxe3 Qxe3 19. Nxe3 Nb4 20. a3 Nxd5 21.
Nxd5 Rxd5 22. Rd1 Re5 23. Bf1 b5 24. Rd7 Bd5 25. Rd1 Bb3 26. Rc1 Rfe8 27. h3 g6
28. Kh2 Re1 29. Rdc7 Rxc1 30. Rxc1 Rd8 31. Rc3 Be6 32. Rd3 Rc8 33. Rc3 Rxc3 34.
bxc3 Kf8 35. Kg3 Ke7 36. Kf4 Kd6 37. Ke4 Kc5 38. Ke5 Bc4 39. Bxc4 Kxc4 40. Kf6
Kxc3 41. Kxf7 a5 42. Kg7 b4 43. axb4 axb4 44. Kxh7 b3 45. Kxg6 b2 46. f4 b1=Q+
47. f5 Kd4 48. g4 Ke5 49. h4 Qb6+ 50. Kh5 Qf6 51. g5 Qxf5 52. Kh6 Qg4 53. h5 Kf5
54. g6 Kf6 0-1

[Event "Women's Speed Chess Q8"]
[Site "chess.com INT"]
[Date "2021.06.06"]
[Round "13"]
[White "Eswaran, Ashritha"]
[Black "Vantika, Agrawal"]
[Result "1/2-1/2"]
[WhiteTitle "WIM"]
[BlackTitle "WIM"]
[WhiteElo "2244"]
[BlackElo "2286"]
[WhiteFideId "2080788"]
[BlackFideId "25050389"]
[EventDate "2021.06.06"]

1. e4 c5 2. Nf3 d6 3. d4 cxd4 4. Nxd4 Nf6 5. Nc3 a6 6. Be3 e5 7. Nf3 Be7 8. Bc4
Be6 9. Bb3 Nbd7 10. O-O Rc8 11. Re1 h6 12. Bxe6 fxe6 13. Nh4 Nf8 14. g3 g5 15.
Ng2 Ng6 16. Rf1 d5 17. exd5 exd5 18. Qd3 Kf7 19. f4 gxf4 20. gxf4 e4 21. Qd2 Rg8
22. Kh1 Qd7 23. f5 Ne5 24. Nf4 Nf3 25. Rxf3 exf3 26. Qd3 Bd6 27. Nfxd5 Rg2 28.
Nxf6 Rxh2+ 29. Kg1 Kxf6 30. Ne4+ Ke7 31. f6+ Kf8 32. Qxd6+ Qxd6 33. Nxd6 Rg2+
34. Kf1 Rcxc2 35. Bxh6+ Kg8 36. f7+ Kh7 37. f8=Q Rcf2+ 38. Ke1 Re2+ 39. Kf1
Ref2+ 40. Ke1 Re2+ 41. Kf1 Ref2+ 1/2-1/2

[Event "Women's Speed Chess Q8"]
[Site "chess.com INT"]
[Date "2021.06.06"]
[Round "13"]
[White "Batsiashvili, Nino"]
[Black "Bivol, Alina"]
[Result "1-0"]
[WhiteTitle "GM"]
[BlackTitle "WGM"]
[WhiteElo "2491"]
[BlackElo "2374"]
[WhiteFideId "13602993"]
[BlackFideId "4100123"]
[EventDate "2021.06.06"]

1. c4 Nf6 2. Nc3 g6 3. d4 d5 4. cxd5 Nxd5 5. e4 Nxc3 6. bxc3 c5 7. Nf3 Bg7 8. h3
Qa5 9. Bd2 Nc6 10. Be2 O-O 11. d5 Ne5 12. Nxe5 Bxe5 13. c4 Bc3 14. Rc1 Bxd2+ 15.
Qxd2 Qxd2+ 16. Kxd2 b6 17. f4 Rd8 18. Ke3 Bb7 19. Bf3 e6 20. Rhd1 exd5 21. cxd5
Rac8 22. e5 c4 23. d6 Bxf3 24. Kxf3 b5 25. Ke4 Kf8 26. g4 Ke8 27. f5 Rc6 28. Rd5
a6 29. a3 Kd7 30. Rc3 Re8 31. Kd4 gxf5 32. gxf5 Rg8 33. Re3 Re8 34. Rc5 Rxc5 35.
Kxc5 c3 36. Kd5 c2 37. Rc3 Rb8 38. e6+ fxe6+ 39. fxe6+ Kd8 40. Rxc2 b4 41. a4 b3
42. Rg2 Kc8 43. Rg8+ Kb7 44. Rxb8+ 1-0

[Event "Women's Speed Chess Q8"]
[Site "chess.com INT"]
[Date "2021.06.06"]
[Round "13"]
[White "Pavlidou, Ekaterini"]
[Black "Dong, Khanh Linh"]
[Result "0-1"]
[WhiteTitle "WIM"]
[BlackTitle "WCM"]
[WhiteElo "2157"]
[BlackElo "1970"]
[WhiteFideId "4213262"]
[BlackFideId "12403040"]
[EventDate "2021.06.06"]

1. d4 d5 2. c4 c6 3. Nf3 dxc4 4. Nbd2 b5 5. e4 a6 6. Be2 Nf6 7. O-O Bb7 8. a4 e6
9. axb5 cxb5 10. e5 Nd5 11. Ne4 Nd7 12. Bg5 Qc7 13. h4 h6 14. Bc1 Be7 15. Qc2
Nb4 16. Qb1 Qc6 17. Nfd2 Bxh4 18. Bf3 Nd5 19. Nd6+ Ke7 20. Bh5 g6 21. Bxg6 Rag8
22. Be4 Rg7 23. Nf3 Rhg8 24. Nxh4 Rg4 25. Nhf5+ exf5 26. Nxf5+ Kd8 27. Nd6 Rxg2+
28. Bxg2 Rxg2+ 29. Kxg2 Nf4+ 30. Kg3 Qf3+ 0-1

[Event "Women's Speed Chess Q8"]
[Site "chess.com INT"]
[Date "2021.06.06"]
[Round "13"]
[White "Kulkarni, Bhakti"]
[Black "Nemcova, Katerina"]
[Result "1-0"]
[WhiteTitle "IM"]
[BlackTitle "WGM"]
[WhiteElo "2391"]
[BlackElo "2331"]
[WhiteFideId "5019516"]
[BlackFideId "322750"]
[EventDate "2021.06.06"]

1. d4 Nf6 2. Nf3 d5 3. Bf4 g6 4. e3 Bg7 5. Bd3 O-O 6. h3 b6 7. O-O c5 8. c3 Nc6
9. Nbd2 Bb7 10. Ne5 Nxe5 11. Bxe5 Ne4 12. Bxg7 Kxg7 13. Nxe4 dxe4 14. Bc4 cxd4
15. cxd4 Qd6 16. Rc1 Rfc8 17. Qb3 e6 18. Rc3 Rc7 19. Rfc1 Rac8 20. a3 h5 21. Bb5
Bd5 22. Rxc7 Rxc7 23. Qd1 a5 24. Qd2 Qd8 25. Ba6 f5 26. Rc3 h4 27. Qc1 Rxc3 28.
bxc3 Bb3 29. c4 a4 30. Qc3 Kf7 31. Bb5 Qc7 32. Qb4 g5 33. c5 g4 34. cxb6 Qc1+
35. Bf1 gxh3 36. gxh3 Qc8 37. Qd6 Qg8+ 38. Kh2 Bd1 39. b7 1-0

[Event "Women's Speed Chess Q8"]
[Site "chess.com INT"]
[Date "2021.06.06"]
[Round "13"]
[White "Hng, Mei-En Emmanuelle"]
[Black "Varney, Zoe"]
[Result "1-0"]
[WhiteTitle "WFM"]
[BlackTitle "WCM"]
[WhiteElo "2013"]
[BlackElo "1917"]
[WhiteFideId "5804566"]
[BlackFideId "436135"]
[EventDate "2021.06.06"]

1. e4 e5 2. Nf3 Nc6 3. Bb5 a6 4. Ba4 Nf6 5. O-O Be7 6. Bxc6 dxc6 7. Nxe5 Nxe4 8.
Qe2 Nf6 9. Re1 Be6 10. d3 O-O 11. Nxf7 Bxf7 12. Qxe7 Qd5 13. Nc3 Qh5 14. Qxc7
Nd5 15. Nxd5 Bxd5 16. Qg3 Rae8 17. Be3 Re6 18. Qg5 Qf7 19. Qh4 Rg6 20. Kf1 Bxg2+
21. Ke2 Bf3+ 22. Kd2 Qd5 23. Rg1 Qa5+ 24. c3 Qb5 25. b3 Qf5 26. Rxg6 Qxg6 27.
Qc4+ Kh8 28. Qh4 1-0

[Event "Women's Speed Chess Q8"]
[Site "chess.com INT"]
[Date "2021.06.06"]
[Round "13"]
[White "Sviridova, Vlada"]
[Black "Bulmaga, Irina"]
[Result "0-1"]
[WhiteTitle "WFM"]
[BlackTitle "IM"]
[WhiteElo "2144"]
[BlackElo "2440"]
[WhiteFideId "24109606"]
[BlackFideId "13903063"]
[EventDate "2021.06.06"]

1. d4 Nf6 2. c4 e6 3. Nf3 Bb4+ 4. Bd2 Qe7 5. g3 Bxd2+ 6. Qxd2 d6 7. Bg2 O-O 8.
O-O e5 9. Nc3 c6 10. e4 Bg4 11. Rfe1 Bxf3 12. Bxf3 Nbd7 13. Rad1 Rad8 14. h4 h6
15. Bg2 Kh7 16. Bh3 exd4 17. Qxd4 Ne5 18. Kg2 c5 19. Qd2 Nxc4 20. Qc2 Ne5 21. f4
h5 22. fxe5 dxe5 23. Nd5 Nxd5 24. exd5+ g6 25. Qe4 Rfe8 26. Rf1 Kg7 27. Kh2 Rd6
28. b3 b6 29. a4 a6 30. Qc4 e4 31. Rfe1 f5 32. Re3 Red8 33. Bf1 Qe5 34. Qxa6
Rxd5 35. Rxd5 Rxd5 36. Qb7+ Kh6 37. Bc4 Rd2+ 38. Be2 f4 39. Qc8 fxe3 40. Qf8+
Qg7 41. Qf4+ Kh7 42. Qxe3 Qd4 43. Qg5 Rxe2+ 44. Kh3 Qd7+ 45. g4 Qxg4+ 46. Qxg4
hxg4+ 0-1

[Event "Women's Speed Chess Q8"]
[Site "chess.com INT"]
[Date "2021.06.06"]
[Round "13"]
[White "Nikolova, Adriana"]
[Black "Matveeva, Olga"]
[Result "1-0"]
[WhiteTitle "WGM"]
[BlackTitle "WIM"]
[WhiteElo "2243"]
[BlackElo "2145"]
[WhiteFideId "2908689"]
[BlackFideId "24107018"]
[EventDate "2021.06.06"]

1. e4 e6 2. d4 d5 3. Nd2 c5 4. exd5 Qxd5 5. Ngf3 cxd4 6. Bc4 Qd6 7. O-O Nf6 8.
Nb3 Nc6 9. Qe2 a6 10. Rd1 e5 11. Nbxd4 Nxd4 12. Rxd4 Qc7 13. Nxe5 Be6 14. Nxf7
Qxf7 15. Bxe6 Qe7 16. Bg5 h6 17. Bxf6 Qxf6 18. Bd7+ Kf7 19. Re4 Bc5 20. Be6+ Kf8
21. g3 g5 22. Bd5 Kg7 23. c4 Rhf8 24. Rf1 Rad8 25. Re6 Qf5 26. a3 Rd7 27. b4 Bd4
28. Re4 Qf6 29. Re6 Qf5 30. Kg2 Rc7 31. Qh5 Rf6 32. Rxf6 Qxf6 33. Qe8 Qe7 34.
Qg8+ Kf6 35. Qh8+ Qg7 36. Qb8 Qe7 37. Kh1 h5 38. f4 g4 39. Qh8+ Qg7 40. Qxh5 Re7
41. Qh4+ Kg6 42. f5# 1-0

[Event "Women's Speed Chess Q8"]
[Site "chess.com INT"]
[Date "2021.06.06"]
[Round "13"]
[White "Agrest, Inna"]
[Black "Pandey, Srishti"]
[Result "0-1"]
[WhiteTitle "WIM"]
[BlackTitle "WFM"]
[WhiteElo "2285"]
[BlackElo "2026"]
[WhiteFideId "1708830"]
[BlackFideId "35093290"]
[EventDate "2021.06.06"]

1. e4 e6 2. d4 d5 3. Nc3 Bb4 4. a3 Bxc3+ 5. bxc3 dxe4 6. Qg4 Qf6 7. Qxe4 Qg6 8.
Qxg6 hxg6 9. Nf3 Bd7 10. Ne5 Ba4 11. Rb1 b6 12. Rb2 Nd7 13. Nd3 Ngf6 14. c4 c5
15. c3 Ke7 16. Be2 Rac8 17. O-O cxd4 18. cxd4 Rxc4 19. Bd2 Rxd4 20. Bb4+ Ke8 21.
Rc1 Kd8 22. f3 Nd5 23. Be1 Nc7 24. Bc3 Rc4 25. Bxg7 Rxc1+ 26. Nxc1 Rh5 27. f4
Rc5 28. Nd3 Rc2 29. Rxc2 Bxc2 30. Nb4 Be4 31. Kf2 a5 32. Nd3 Nd5 33. g3 b5 34.
Nb2 b4 35. axb4 axb4 36. Nc4 Nc5 37. Nd6 Ke7 38. Nxe4 Nxe4+ 39. Ke1 b3 40. Bb2
Nec3 41. Bf3 Kd7 42. Kd2 Na4 43. Be5 Nb4 44. h4 b2 45. Be4 Nc6 0-1

[Event "Women's Speed Chess Q8"]
[Site "chess.com INT"]
[Date "2021.06.06"]
[Round "13"]
[White "Ouellet, Maili-Jade"]
[Black "Babiy, Olga"]
[Result "0-1"]
[WhiteTitle "WGM"]
[BlackTitle "WGM"]
[WhiteElo "2257"]
[BlackElo "2280"]
[WhiteFideId "2620472"]
[BlackFideId "14117258"]
[EventDate "2021.06.06"]

1. d4 d5 2. c4 dxc4 3. e4 Nf6 4. Nc3 e5 5. d5 c6 6. Bxc4 b5 7. Bb3 b4 8. Na4
Nxe4 9. Nf3 Ba6 10. Be3 Bd6 11. Qc2 Nf6 12. dxc6 O-O 13. Rd1 Qc7 14. Qd2 Be7 15.
Nc5 Bb5 16. Qxb4 a6 17. Qc3 a5 18. Nxe5 Nxc6 19. Nxc6 Qxc6 20. a4 Qxg2 21. axb5
Qxh1+ 22. Ke2 Qxh2 23. b6 Qh5+ 24. Ke1 Rab8 25. Qxa5 Rfe8 26. Kf1 Qh1+ 27. Ke2
Qh5+ 28. Kf1 Ng4 29. Qc3 Nh2+ 30. Kg2 Nf3 31. Rd5 Qg4+ 32. Kf1 Bf6 33. Qc4 Qh3+
34. Ke2 Ne5 35. Rxe5 Rxe5 36. Qxf7+ Kh8 37. Nd7 Rxe3+ 38. fxe3 Qg2+ 39. Kd3 Rd8
40. Kc4 Qc6+ 41. Nc5 Qxb6 42. Qe6 Qc7 0-1

[Event "Women's Speed Chess Q8"]
[Site "chess.com INT"]
[Date "2021.06.06"]
[Round "13"]
[White "Antolak, Julia"]
[Black "Dauletova, Gulmira"]
[Result "1-0"]
[WhiteTitle "WIM"]
[BlackTitle "WGM"]
[WhiteElo "2309"]
[BlackElo "2257"]
[WhiteFideId "1159569"]
[BlackFideId "13702971"]
[EventDate "2021.06.06"]

1. e4 e5 2. Nf3 Nc6 3. Bb5 a6 4. Ba4 Nf6 5. O-O Be7 6. Re1 b5 7. Bb3 d6 8. c3
O-O 9. h3 Na5 10. Bc2 c5 11. d4 Nd7 12. Nbd2 exd4 13. cxd4 Nc6 14. d5 Nce5 15.
Nxe5 Nxe5 16. f4 Ng6 17. Nf3 Bh4 18. Nxh4 Qxh4 19. f5 Ne5 20. Rf1 Bd7 21. Bf4
Rfe8 22. Kh2 c4 23. g4 h6 24. Bg3 Qf6 25. h4 b4 26. Rg1 Bb5 27. Kh3 Nd3 28. Bxd3
cxd3 29. Qf3 Rad8 30. Rad1 Qxb2 31. g5 hxg5 32. hxg5 Qe2 33. Qxe2 dxe2 34. Rd4
a5 35. Kg4 Rd7 36. f6 Rc8 37. Rd2 Rc3 38. Rb2 Re3 39. Kf4 Rc3 40. Rbb1 Bd3 41.
Rbe1 Rc4 42. Ke3 Bxe4 43. Rxe2 Bxd5 44. Rh2 Be6 45. Rgh1 Rc3+ 46. Kd2 1-0

[Event "Women's Speed Chess Q8"]
[Site "chess.com INT"]
[Date "2021.06.06"]
[Round "13"]
[White "Fominykh, Maria"]
[Black "Nandhidhaa, P V"]
[Result "0-1"]
[WhiteTitle "WGM"]
[BlackTitle "WGM"]
[WhiteElo "2206"]
[BlackElo "2365"]
[WhiteFideId "4142411"]
[BlackFideId "5050847"]
[EventDate "2021.06.06"]

1. d4 c5 2. d5 e5 3. Nc3 d6 4. e4 Be7 5. Nf3 Nf6 6. h3 O-O 7. a4 Nbd7 8. g3 Ne8
9. Bg2 g6 10. O-O Ng7 11. Ne1 f5 12. f4 exf4 13. Bxf4 Ne5 14. Nd3 Bf6 15. exf5
Bxf5 16. Nxe5 Bxe5 17. Bxe5 dxe5 18. g4 Bd7 19. Ne4 Rf4 20. Qd2 g5 21. Kh1 b6
22. c4 Ne8 23. Qc3 Qe7 24. d6 Qg7 25. Nxc5 bxc5 26. Bxa8 Nxd6 27. Rxf4 gxf4 28.
Rd1 Ne8 29. Qd3 Nf6 30. Qd6 Qh6 31. Bd5+ Kh8 32. Qxe5 Qxh3+ 33. Kg1 Qxg4+ 34.
Kf2 Qg3+ 35. Kf1 Bh3+ 36. Ke2 f3+ 37. Kd2 Qxe5 38. Re1 Qxb2+ 39. Ke3 Qd4+ 40.
Kxf3 Bg4+ 41. Kg3 Nh5+ 0-1